000 00337nam a2200145Ia 4500
008 230718s9999 xx 000 0 und d
041 _aEng.
082 _a658
_bPET-T
100 _aPeter's Thomes. J
245 0 _aThsiung Chores Handbook
260 _aPakistan
_b F41020ms (Pvc)
_c1987
300 _a561
650 _aLaw
999 _c26092
_d26092